000 00937nam a22002897a 4500
001 BR2017002408
003 BR-BrBNA
005 20230928105143.0
007 ta
008 230509b bl.||||| |||| 00| 0 por d
040 _aBR-BrBNA
_bpor
_cBiblioteca Nacional de Agricultura
041 _a(Por)
072 _aL53; L10
_b8134
090 _ 8134 BR2017002408
100 1 _aCarvalho, L.B. de
110 1 _aUniversidade Federal de Lavras, MG (Brasil)
_0Tese (Mestrado)
245 1 _aUso de ciclodextrina na formação de complexos de inclusão com o hormônio masculinizante 17-alfa-metiltestosterona
260 3 _aLavras, MG (Brasil):
_c2014.
300 _a102 p.
500 _aSummaries (Eng, Por); Bibliography p. 88-101; 6 tables; 31 illus.
650 _aTILÁPIA NILÓTICA
650 _aHORMÔNIO ANIMAL
650 _aTESTOSTERONA
650 _aREVERSÃO SEXUAL
909 _a202309
_bLucia
_c55
_dLucia Elande
942 _cBK
999 _c83719
_d83719